Семейные традиции (Запись № 12889824)

Подробности
000 -МАРКЕР
контрольное поле 02287nam0a2200409 4500
001 - ИДЕНТИФИКАТОР ЗАПИСИ
контрольное поле RU\NLR\BIBL_A\012704569
005 - ИДЕНТИФИКАТОР ВЕРСИИ
контрольное поле 20220419185726.0
010 ## - МЕЖДУНАРОДНЫЙ СТАНДАРТНЫЙ НОМЕР КНИГИ (ISBN)
Номер (ISBN) 978-5-6041369-5-9
021 ## - НОМЕР ГОСУДАРСТВЕННОЙ РЕГИСТРАЦИИ
Код страны Российская Федерация
Номер КН-П-23-039387
Номер Листа государственной регистраци КН-П-23-3925
021 ## - НОМЕР ГОСУДАРСТВЕННОЙ РЕГИСТРАЦИИ
Код страны Российская Федерация
Номер КН-П-21-067953
Номер Листа государственной регистраци КН-П-21-5376
035 ## - ДРУГИЕ СИСТЕМНЫЕ НОМЕРА
Идентификатор записи (NLR Aleph) 012704569
035 ## - ДРУГИЕ СИСТЕМНЫЕ НОМЕРА
Идентификатор записи (RuMoRGB)010824546
100 ## - ДАННЫЕ ОБЩЕЙ ОБРАБОТКИ
Данные общей обработки 20220210d2021 c y0rusy50 ca
101 0# - ЯЗЫК РЕСУРСА
Язык текста, звукозаписи и т.д. русский
102 ## - СТРАНА ПУБЛИКАЦИИ ИЛИ ПРОИЗВОДСТВА
Страна публикации Российская Федерация
105 ## - ПОЛЕ КОДИРОВАННЫХ ДАННЫХ: ТЕКСТОВЫЕ МАТЕРИАЛЫ, МОНОГРАФИЧЕСКИЕ
Кодированные данные о монографическом текстовом документе a|||j|||000ay
181 #0 - ПОЛЕ КОДИРОВАННЫХ ДАННЫХ: ВИД СОДЕРЖАНИЯ
Код вида содержания (ISBD) i3
Код характеристики содержания (ISBD) axxe
181 #0 - ПОЛЕ КОДИРОВАННЫХ ДАННЫХ: ВИД СОДЕРЖАНИЯ
Код вида содержания (ISBD) b1
Код характеристики содержания (ISBD) xb2e
182 #0 - ПОЛЕ КОДИРОВАННЫХ ДАННЫХ: ТИП СРЕДСТВА
Код типа средства (ISBD) n - непосредственное
200 1# - ЗАГЛАВИЕ И СВЕДЕНИЯ ОБ ОТВЕТСТВЕННОСТИ
Основное заглавие Семейные традиции
Сведения, относящиеся к заглавию книга 5 для развития детей дошкольного возраста (6-8 лет)
Первые сведения об ответственности составители: Ольга Сергеевна Абрамова [и др.]
Последующие сведения об ответственности под общей редакцией профессора И.А. Кузьмина
-- художник: М.А. Тодорова
203 ## - ВИД СОДЕРЖАНИЯ И ТИП СРЕДСТВА
Вид содержания Текст
-- Изображение
Дополнительные сведения об издании визуальные
Тип средства непосредственные
210 ## - ПУБЛИКАЦИЯ, РАСПРОСТРАНЕНИЕ И ДР.
Место издания, распространения и т.д. Москва
Имя издателя, распространителя и т. д. Истоки
Дата издания, распространения и т.д. 2021
215 ## - ФИЗИЧЕСКАЯ ХАРАКТЕРИСТИКА
Специфическое обозначение материала и объем 55, [1] с.
Другие сведения о физической характеристике ил.
Размеры 29
225 1# - СЕРИЯ
Основное заглавие серии Социокультурные истоки
225 1# - СЕРИЯ
Основное заглавие серии Библиотека Технологической Школы Бизнеса
225 1# - СЕРИЯ
Основное заглавие серии Социокультурный системный подход к истокам в образовании
300 ## - ОБЩИЕ ПРИМЕЧАНИЯ
Текст примечания Кн. является составной частью комплекта "Истоки" и "Воспитание на социокультурном опыте" для детей дошк. возраста (3-8 лет)
606 1# - НАИМЕНОВАНИЕ ТЕМЫ КАК ПРЕДМЕТ
Наименование темы Дошкольники
Тематический подзаголовок Ознакомление с русской семейной культурой
Системный номер авторитетной/нормативной записи 2047121
Идентификатор авторитетной/нормативной записи RU\NLR\AUTH\661228171
686 1# - ИНДЕКСЫ ДРУГИХ КЛАССИФИКАЦИЙ
Индекс Ч411.387
702 #1 - ИМЯ ЛИЦА - ВТОРИЧНАЯ ОТВЕТСТВЕННОСТЬ
Код отношения Составитель
Графика поля Кириллица
Материалы, к которым относится поле rus
Начальный элемент ввода Абрамова
Часть имени, кроме начального элемента ввода О. С.
Дополнения к именам, кроме дат методист, дошкол. образование
Расширение инициалов личного имени Ольга Сергеевна
Системный номер авторитетной/нормативной записи 237273
Идентификатор авторитетной/нормативной записи RU\NLR\AUTH\770237329
702 #1 - ИМЯ ЛИЦА - ВТОРИЧНАЯ ОТВЕТСТВЕННОСТЬ
Код отношения Редактор
Графика поля Кириллица
Материалы, к которым относится поле rus
Начальный элемент ввода Кузьмин
Часть имени, кроме начального элемента ввода И. А.
Дополнения к именам, кроме дат педагог-методист
Расширение инициалов личного имени Игорь Алексеевич
Системный номер авторитетной/нормативной записи 32401
Идентификатор авторитетной/нормативной записи RU\NLR\AUTH\7749466
702 #1 - ИМЯ ЛИЦА - ВТОРИЧНАЯ ОТВЕТСТВЕННОСТЬ
Начальный элемент ввода Тодорова
Часть имени, кроме начального элемента ввода М. А.
Код отношения Карикатурист, Художник
942 ## - ДОПОЛНИТЕЛЬНЫЕ ЭЛЕМЕНТЫ ЗАПИСИ (АБИС)
Тип экземпляра АБИС Книга
980 ## - КОЛЛЕКЦИЯ
Название коллекции Национальная библиография
Экземпляры
Тип экземпляра Дата поступления Источник поступления Библиотека постоянного хранения Библиотека текущего хранения Место хранения Штрих-код Статус экземпляра Шифр хранения Нумерация / хронология для периодики
Книга 10.02.2022 Обязательный экземпляр РНБ (Московский) РНБ (Московский) Обменный фонд 1-3643854      
Книга 10.02.2022 Обязательный экземпляр РНБ (Московский) РНБ (Московский) Русский книжный фонд: издания с 1957 года 1-3643850   2022-8/468  
Книга 26.07.2023 Обязательный экземпляр РНБ (Московский) РНБ (Московский) Обменный фонд 1-4275532     2023
Книга 26.07.2023 Обязательный экземпляр РНБ (Московский) РНБ (Московский) Обменный фонд 1-4275533     2023